| 000 | 00505nam a2200157Ia 4500 | ||
|---|---|---|---|
| 008 | 230907s9999||||xx |||||||||||||| ||und|| | ||
| 082 |
_a620.1 _bAHM |
||
| 100 |
_aAhmad Bin Ayaz (00000274588) _9116748 |
||
| 245 | 0 | _aPerformance Investigation of Novel Improved Cooking Stove Model for Cold Rural Population / | |
| 260 |
_aUSPCAS-E, NUST, _bIslamabad : _c2022 |
||
| 300 | _axiii, 71 p. | ||
| 520 | _aTH-415 | ||
| 650 | _aMS-TEE Thesis MS Thesis | ||
| 700 |
_aDr Naveed Ahmed _9117775 |
||
| 942 |
_cTHE _2ddc |
||
| 999 |
_c602093 _d602093 |
||